000 00508nam a2200145Ia 4500
008 151213s9999 xx 000 0 und d
100 _aউলিয়াম রাদিচে।
245 _aচারটি বক্তঋতা
_cউলিয়াম রাদিচে।
260 _aঢাকা
_bবাংল্ াএকাডেমী।
_c1990
300 _a8763 p.
650 _aBangla
650 _aবক্ততা
700 _aউলিয়াম রাদিচে।
999 _c4548
_d4548